书目信息 |
| 题名: |
环境工程专业毕业设计指南
|
|
| 作者: | 张林生 主编 | |
| 分册: | ||
| 出版信息: | 北京 中国水利水电版 2002.08 |
|
| 页数: | 151页 | |
| 开本: | 26cm | |
| 丛书名: | 大学生毕业设计指南丛书 | |
| 单 册: | ||
| 中图分类: | X , X5-62 | |
| 科图分类: | ||
| 主题词: | 环境污染 , 环境污染--污染防治 | |
| 电子资源: | ||
| ISBN: | 7-5084-1144-7 | |
| 000 | 00703nam0 2200229 45 | |
| 001 | 0333592738 | |
| 005 | 2003032509195237 | |
| 010 | @a7-5084-1144-7@dRMB 26.00 | |
| 100 | @a20030325d2002 km y0chiy0120 ea | |
| 101 | 0 | @achi |
| 200 | 1 | @a环境工程专业毕业设计指南@Ahuan jing gong cheng zhuan ye bi ye she ji zhi nan@f张林生主编@Fzhang lin sheng zhu bian |
| 210 | @a北京@c中国水利水电版@d2002.08 | |
| 215 | @a151页@d26cm | |
| 225 | 2 | @a大学生毕业设计指南丛书 |
| 410 | 0 | @12001 @a大学生毕业设计指南丛书 |
| 606 | 0 | @a环境污染 |
| 606 | 0 | @a环境污染@x污染防治 |
| 690 | @aX@v3 | |
| 690 | @aX5-62@v4 | |
| 701 | 0 | @a张林生@Azhang lin sheng@4主编 |
| 801 | 0 | @aCN@bPFT@c20030325 |
| 905 | @a10447@dX5-62@eZ130 | |
| 环境工程专业毕业设计指南/张林生主编.-北京:中国水利水电版,2002.08 |
| 151页;26cm.-(大学生毕业设计指南丛书) |
| ISBN 7-5084-1144-7:RMB 26.00 |
| ● |
| 相关链接 |
|
|
|
正题名:环境工程专业毕业设计指南
索取号:X5-62/Z130
 
预约/预借
| 序号 | 登录号 | 条形码 | 馆藏地/架位号 | 状态 | 备注 |
| 1 | 369116 | 203691166 | 自科库501/501自科库 98排2列2层/ [索取号:X5-62/Z130] | 在馆 | |
| 2 | 369117 | 203691175 | 期刊室512/501自科库 98排1列4层/ [索取号:X5-62/Z130] | 在馆 | |
| 3 | 369118 | 203691184 | 自科库501/501自科库 98排2列2层/ [索取号:X5-62/Z130] | 在馆 | |
| 4 | 369119 | 203691193 | 期刊室512/501自科库 98排1列4层/ [索取号:X5-62/Z130] | 在馆 | |
| 5 | 369120 | 203691200 | 自科二线504/504自科库 12排1列4层/ [索取号:X5-62/Z130] | 在馆 |